[Event "WA Open"]
[Site "?"]
[Date "2007.05.27"]
[Round "4"]
[White "Li, Chang He"]
[Black "Skulsky, Ian"]
[Result "0-1"]
[WhiteElo "1895"]
[BlackElo "2167"]
[PlyCount "84"]
[EventDate "2007.05.??"]
[SourceDate "2007.05.26"]

1. e4 e6 2. d4 a6 3. Nf3 b5 4. c3 Bb7 5. Bd3 Nf6 6. Nbd2 h6 7. b3 c5 8. Bb2 Nc6
9. O-O Rc8 10. a4 cxd4 11. Nxd4 Nxd4 12. cxd4 Bb4 13. axb5 axb5 14. f3 Qb6 15.
Kh1 O-O 16. Qe2 Nh5 17. f4 g6 18. e5 Bxd2 19. Qxd2 Kh7 20. Qe2 Ng7 21. Be4 Nf5
22. Bxb7 Qxb7 23. Qd2 Qd5 24. Rf3 Rc7 25. Ba3 Rfc8 26. Bc5 Rxc5 27. Rf2 Qxd4
28. Qxd4 Nxd4 29. h3 Rc1+ 30. Rxc1 Rxc1+ 31. Kh2 Rc2 32. Rf1 Nxb3 33. Rd1 Rd2
34. Rb1 Nd4 35. Rb4 Kg7 36. Kg1 Ne2+ 37. Kf1 Nc3 38. Rb3 Rc2 39. Rb4 Kf8 40.
Rd4 Ke7 41. Rd6 Ne4 42. Rb6 Rb2 0-1

[Event "WA Open"]
[Site "?"]
[Date "2007.05.28"]
[Round "5"]
[White "McCormick, James"]
[Black "Collyer, Curt"]
[Result "0-1"]
[WhiteElo "2200"]
[BlackElo "2206"]
[PlyCount "81"]
[EventDate "2007.05.??"]
[SourceDate "2007.05.26"]

1. d4 d5 2. c4 c6 3. Nf3 Nf6 4. Nc3 a6 5. Ne5 e6 6. g3 Nbd7 7. Bg2 Nxe5 8. dxe5
Nd7 9. cxd5 cxd5 10. e4 dxe4 11. O-O Be7 12. Qg4 Kf8 13. Qxe4 Qc7 14. Re1 Nc5
15. Qe2 Bd7 16. Bf4 Bc6 17. Bxc6 Qxc6 18. Rac1 Rd8 19. Red1 Rxd1+ 20. Rxd1 g5
21. Bc1 h5 22. h3 Nd7 23. Re1 Bd8 24. Qe4 Qxe4 25. Rxe4 Rg8 26. Be3 Bc7 27. Bd4
Kg7 28. Kg2 Kg6 29. Kf3 Rd8 30. Re2 Nb8 31. Be3 Nc6 32. Ne4 g4+ 33. hxg4 Nxe5+
34. Kg2 hxg4 35. Rc2 Bb8 36. Bb6 Rd1 37. Nd2 Nd3 38. Rc8 Ne1+ 39. Kf1 Nf3+ 40.
Ke2 Rxd2+ 41. Ke3 0-1

[Event "WA Open"]
[Site "?"]
[Date "2007.05.27"]
[Round "4"]
[White "Milner, Arie"]
[Black "Bartron, Paul"]
[Result "1/2-1/2"]
[WhiteElo "1811"]
[BlackElo "2123"]
[PlyCount "68"]
[EventDate "2007.05.??"]
[SourceDate "2007.05.26"]

1. e4 c5 2. Nf3 Nc6 3. c3 e6 4. Bd3 Nf6 5. Bc2 d5 6. e5 Nd7 7. d4 b6 8. O-O Ba6
9. Re1 Qc7 10. a3 Rc8 11. Bb3 Be7 12. Bg5 cxd4 13. cxd4 Na5 14. Bxe7 Kxe7 15.
Nc3 Nxb3 16. Qxb3 Qc4 17. Qb4+ Ke8 18. Nd2 Qc7 19. Rac1 Qb7 20. Nb5 Bxb5 21.
Qxb5 Kd8 22. Nb3 Rc7 23. Qb4 Nb8 24. Qd2 h6 25. Re3 Rxc1+ 26. Qxc1 Kd7 27. Rc3
Rc8 28. Rxc8 Qxc8 29. Qxc8+ Kxc8 30. Kf1 Kb7 31. Ke2 Ka6 32. Kd3 Kb5 33. f4 a5
34. g4 g6 1/2-1/2

[Event "WA Open"]
[Site "?"]
[Date "2007.05.28"]
[Round "5"]
[White "Milner, Arie"]
[Black "Jiang, Louie"]
[Result "1-0"]
[WhiteElo "1811"]
[BlackElo "2076"]
[PlyCount "137"]
[EventDate "2007.05.??"]
[SourceDate "2007.05.26"]

1. e4 c5 2. Nf3 d6 3. Bb5+ Bd7 4. Bxd7+ Qxd7 5. O-O Nf6 6. Re1 Nc6 7. c3 g6 8.
d4 cxd4 9. cxd4 Bg7 10. Nc3 O-O 11. h3 Rfd8 12. Qe2 e5 13. d5 Nd4 14. Qd3 Re8
15. Bg5 Nxf3+ 16. Qxf3 Qe7 17. Rac1 h6 18. Be3 Qd7 19. Rc2 Nh7 20. Qg3 Rec8 21.
Rec1 a6 22. Bb6 Bf6 23. b3 Bg5 24. Be3 b5 25. Bxg5 Nxg5 26. f4 exf4 27. Qxf4
Re8 28. h4 b4 29. hxg5 hxg5 30. Qxg5 bxc3 31. Rxc3 Rxe4 32. Qf6 Qd8 33. Qxd8+
Rxd8 34. Rc8 Re1+ 35. Kh2 Kg7 36. Rxd8 Rxc1 37. Rxd6 a5 38. Ra6 Rc5 39. d6 Kf6
40. d7+ Ke7 41. Rd6 Kd8 42. Rf6 Rc2 43. a3 Rb2 44. b4 axb4 45. axb4 Rxb4 46.
Rxf7 Rd4 47. Rg7 Rxd7 48. Rxg6 Ke8 49. Rf6 Rd3 50. g3 Ke7 51. Rf4 Rd6 52. Kh3
Rh6+ 53. Kg4 Rg6+ 54. Kh4 Rg8 55. g4 Ke6 56. g5 Ke5 57. Kg4 Ke6 58. Kh5 Ke7 59.
g6 Rh8+ 60. Kg5 Rh1 61. g7 Rg1+ 62. Kh6 Rh1+ 63. Kg6 Rg1+ 64. Kh7 Rh1+ 65. Kg8
Rg1 66. Rh4 Kf6 67. Rh6+ Ke7 68. Rh2 Kf6 69. Kh8 1-0

[Event "WA Open"]
[Site "?"]
[Date "2007.05.27"]
[Round "1"]
[White "O'Gorman, Peter"]
[Black "Pupols, Viktors"]
[Result "0-1"]
[WhiteElo "1820"]
[BlackElo "2230"]
[PlyCount "90"]
[EventDate "2007.05.??"]
[SourceDate "2007.05.26"]

1. e4 c5 2. c4 e5 3. g3 Nc6 4. Bg2 Nge7 5. Ne2 Nd4 6. Nxd4 cxd4 7. d3 Nc6 8.
O-O Be7 9. f4 d6 10. f5 a6 11. a4 a5 12. g4 Nb4 13. Rf3 Bd7 14. Rh3 Bg5 15. Na3
Na6 16. Nb5 Bxb5 17. axb5 Nb4 18. Rh5 Be3+ 19. Kh1 g6 20. Rh3 Qb6 21. Qe2 O-O-O
22. Bd2 f6 23. Bxb4 axb4 24. Ra4 g5 25. Rf3 Kd7 26. Rf1 Ra8 27. Rfa1 Rxa4 28.
Rxa4 Qc5 29. Qe1 h5 30. Bf3 hxg4 31. Bxg4 Rb8 32. b3 Qc8 33. Qxb4 Qh8 34. Qe1
Ra8 35. Kg2 Qb8 36. Qa1 Rxa4 37. Qxa4 Qh8 38. b6+ Ke7 39. Qa7 Qh4 40. Qxb7+ Kf8
41. Qb8+ Kg7 42. Qc7+ Kh6 43. Bd1 Qf2+ 44. Kh3 Qf1+ 45. Kg3 Bf4+ 0-1

[Event "WA Open"]
[Site "?"]
[Date "2007.05.26"]
[Round "2"]
[White "Oszvald, Joseph"]
[Black "Greninger, Harley"]
[Result "0-1"]
[WhiteElo "2074"]
[BlackElo "2256"]
[PlyCount "142"]
[EventDate "2007.05.??"]
[SourceDate "2007.05.26"]

1. e4 e6 2. d3 d5 3. Nd2 Nf6 4. c3 dxe4 5. dxe4 Nbd7 6. Qc2 Bc5 7. h3 e5 8.
Ngf3 Qe7 9. Be2 b6 10. Nf1 Bb7 11. Ng3 h6 12. O-O a5 13. Bd2 g6 14. Rfe1 Nh5
15. Nxh5 gxh5 16. Bb5 Bxf2+ 17. Kxf2 Qc5+ 18. Kg3 Qxb5 19. Nh4 Nc5 20. Nf5 Qd3+
21. Qxd3 Nxd3 22. Re2 Bc8 23. Ng7+ Ke7 24. Nxh5 Nxb2 25. Kh2 Nc4 26. Be1 Be6
27. Bh4+ Kd7 28. g4 Kc6 29. Bf6 Rhg8 30. Bg7 Rad8 31. Bxh6 Bxg4 32. hxg4 Rxg4
33. Kh3 Rg6 34. Bg7 Rxg7 35. Nxg7 Rh8+ 36. Kg4 Rg8 37. Kf5 Rxg7 38. Rh1 Rg3 39.
Kf6 Rxc3 40. Kxf7 a4 41. Ke6 b5 42. Rb1 Kc5 43. Kd7 c6 44. Rh2 Rg3 45. Rh6 Rg7+
46. Ke6 Rg2 47. Kd7 Rd2+ 48. Kc7 Rd6 49. Rh5 Rg6 50. Rh7 Rg4 51. Re7 b4 52. Rc1
Rxe4 53. Re6 b3 54. Rxc6+ Kb4 55. axb3 axb3 56. Rh6 b2 57. Rg1 Re2 58. Kc6 Rc2
59. Rhh1 e4 60. Kd5 e3 61. Kd4 Rd2+ 62. Ke4 Kc3 63. Re1 Kc2 64. Kf3 Rf2+ 65.
Kg3 Rf8 66. Rh2+ Kd3 67. Rd1+ Nd2 68. Rh7 b1=Q 69. Rd7+ Ke2 70. R7xd2+ exd2 71.
Rxb1 d1=Q 0-1

[Event "WA Open"]
[Site "?"]
[Date "2007.05.27"]
[Round "4"]
[White "Oszvald, Joseph"]
[Black "Kalina, Chris"]
[Result "0-1"]
[WhiteElo "2074"]
[BlackElo "1957"]
[PlyCount "100"]
[EventDate "2007.05.??"]
[SourceDate "2007.05.26"]

1. e4 c5 2. d4 cxd4 3. c3 dxc3 4. Nxc3 Nc6 5. Nf3 e6 6. Bc4 a6 7. a3 b5 8. Ba2
Nge7 9. Bg5 h6 10. Bh4 Qb6 11. O-O Ng6 12. Bg3 Be7 13. Qe2 d6 14. Rfd1 Nce5 15.
Nd4 O-O 16. Kh1 Nc6 17. Nxc6 Qxc6 18. Rac1 Qb6 19. f4 Bh4 20. Bxh4 Nxh4 21. Qg4
Ng6 22. Rd3 Qf2 23. Ne2 h5 24. Qxh5 Nxf4 25. Nxf4 Qxf4 26. Rcd1 g6 27. Qe2 Bb7
28. Re1 Rac8 29. Rf3 Qe5 30. h4 Rc7 31. Rh3 Kg7 32. Qd2 Bxe4 33. Bb1 d5 34. h5
Rh8 35. h6+ Kh7 36. Qf2 f5 37. Kg1 Rhc8 38. Qh4 g5 39. Qxg5 Rg8 40. Qd2 Qf6 41.
Bxe4 fxe4 42. Rf1 Qg5 43. Qf2 d4 44. Qe2 Qg4 45. Qxg4 Rxg4 46. Rd1 e5 47. Rh5
Rc2 48. Rh2 e3 49. Rf1 Rf4 50. Re1 d3 0-1

[Event "WA Open"]
[Site "?"]
[Date "2007.05.28"]
[Round "6"]
[White "Oszvald, Joseph"]
[Black "Kolde, Sterling"]
[Result "1-0"]
[WhiteElo "2074"]
[BlackElo "1842"]
[PlyCount "75"]
[EventDate "2007.05.??"]
[SourceDate "2007.05.26"]

1. e4 e5 2. d3 d6 3. Nd2 Nd7 4. c3 c6 5. Qc2 Qc7 6. Ngf3 Ngf6 7. Be2 Be7 8. h3
h6 9. g4 g6 10. Nf1 h5 11. g5 Nh7 12. h4 Nhf8 13. Ng3 a5 14. Be3 Ne6 15. Qd2
Rb8 16. O-O b5 17. d4 c5 18. d5 Nd8 19. Nh2 b4 20. c4 Rh7 21. Rad1 Rb6 22. f4
Ba6 23. f5 Nb8 24. b3 Kd7 25. Bf3 Kc8 26. Qe2 Nd7 27. Rf2 Rb8 28. Rdf1 Kb7 29.
a3 Ka7 30. axb4 axb4 31. Ra1 Nb7 32. Qa2 Qb6 33. Qa4 Rd8 34. Rfa2 Nb8 35. Nhf1
Rf8 36. f6 Bd8 37. Bf2 Qc7 38. Qxb4 1-0

[Event "WA Open"]
[Site "?"]
[Date "2007.05.26"]
[Round "1"]
[White "Perez, Juan"]
[Black "Daroza, Eduardo"]
[Result "0-1"]
[WhiteElo "1687"]
[BlackElo "2050"]
[PlyCount "108"]
[EventDate "2007.05.??"]
[SourceDate "2007.05.26"]

1. e4 e6 2. d4 d5 3. Nc3 Nf6 4. Bg5 Be7 5. e5 Nfd7 6. h4 c5 7. Nf3 Nc6 8. Bb5
Nxd4 9. Nxd4 cxd4 10. Bxe7 Qxe7 11. Qxd4 O-O 12. O-O-O Nc5 13. Kb1 a6 14. Bd3
b5 15. Ne2 Qc7 16. f4 Bd7 17. Ng3 a5 18. Nh5 Rfc8 19. Rc1 Kh8 20. Qe3 Rg8 21.
g4 a4 22. f5 a3 23. b3 Na4 24. Qd4 Nc3+ 25. Ka1 Rgb8 26. Nf4 b4 27. h5 Qa7 28.
Qxa7 Rxa7 29. Rh4 Rc7 30. Rch1 h6 31. fxe6 Bxe6 32. Nxe6 fxe6 33. Rf1 Kg8 34.
g5 hxg5 35. Rg4 Rf7 36. Rxf7 Kxf7 37. Rxg5 Rf8 38. Rg6 Rh8 39. Rg5 Ne4 40. Bxe4
dxe4 41. Kb1 Rd8 42. Kc1 e3 43. Rg2 Rd5 44. Re2 Rxe5 45. c4 Kf6 46. Kc2 Kf5 47.
Kd3 Kf4 48. Rh2 Kg3 49. Rh1 Kg2 50. Re1 Kf2 51. Re2+ Kf3 52. Re1 e2 53. Kc2 Kf2
54. Kd2 Re4 0-1

[Event "WA Open"]
[Site "?"]
[Date "2007.05.27"]
[Round "4"]
[White "Pupols, Viktors"]
[Black "Mathews, Dan"]
[Result "1-0"]
[WhiteElo "2230"]
[BlackElo "1797"]
[PlyCount "153"]
[EventDate "2007.05.??"]
[SourceDate "2007.05.26"]

1. d4 f5 2. g3 Nf6 3. Bg2 e6 4. Nd2 Be7 5. e4 fxe4 6. Nxe4 O-O 7. f4 Nxe4 8.
Bxe4 d5 9. Bd3 c5 10. Nf3 c4 11. Be2 Nc6 12. O-O Bf6 13. c3 Bd7 14. b3 b5 15.
a4 a6 16. Ba3 Re8 17. Bc5 Be7 18. b4 Bxc5 19. bxc5 Qf6 20. Qb1 Reb8 21. axb5
axb5 22. Rxa8 Rxa8 23. Bd1 Rb8 24. Bc2 g6 25. h4 b4 26. Ne5 Be8 27. Qb2 b3 28.
Bb1 Qe7 29. Qe2 Nxe5 30. Qxe5 Rb7 31. Re1 Bf7 32. Kg2 Qc7 33. Qe3 Qa5 34. g4
Qd8 35. Kh3 b2 36. Bc2 Qb8 37. Rb1 Ra7 38. h5 Ra1 39. hxg6 hxg6 40. Kg2 Rxb1
41. Bxb1 Qb3 42. Qd2 Kg7 43. Kf2 Be8 44. Qe1 Bf7 45. Ke3 Qb8 46. Qf2 Qh8 47.
Qg2 Qh4 48. Kd2 Qh6 49. g5 Qh4 50. Kc2 Qxf4 51. Kxb2 Qb8+ 52. Kc1 Qf4+ 53. Qd2
Qg3 54. Kb2 Qc7 55. Qe2 Qb7+ 56. Kc1 Qc6 57. Bc2 Qc7 58. Qf3 Qd8 59. Qf4 Qe7
60. Qe5+ Kg8 61. Kd2 Be8 62. Bd1 Qf7 63. Bg4 Qf2+ 64. Be2 Qf7 65. Ke3 Qe7 66.
Kf4 Qf7+ 67. Kg3 Qe7 68. Kg4 Bd7 69. Bf3 Bc6 70. Kf4 Kh7 71. Qf6 Qc7+ 72. Ke3
Qa5 73. Qf7+ Kh8 74. Qf8+ Kh7 75. Qh6+ Kg8 76. Qxg6+ Kh8 77. Qf6+ 1-0

[Event "WA Open"]
[Site "?"]
[Date "2007.05.28"]
[Round "5"]
[White "Raptis, Nick"]
[Black "Roua, Radu"]
[Result "0-1"]
[WhiteElo "2264"]
[BlackElo "2174"]
[PlyCount "134"]
[EventDate "2007.05.??"]
[SourceDate "2007.05.26"]

1. d4 Nc6 2. e4 d5 3. e5 Bf5 4. c3 e6 5. Bd3 Nge7 6. Bg5 Qd7 7. Bxe7 Bxe7 8.
Ne2 a5 9. O-O Bxd3 10. Qxd3 a4 11. Nd2 O-O 12. f4 b5 13. a3 Na5 14. Ng3 g6 15.
Nf3 Nc4 16. Rf2 f5 17. exf6 Rxf6 18. Ne5 Nxe5 19. dxe5 Rf7 20. Rf3 Qc6 21. Ne2
Qc4 22. g3 Qxd3 23. Rxd3 c5 24. Kg2 Bf8 25. Rf1 b4 26. cxb4 cxb4 27. Nd4 Ra6
28. axb4 Bxb4 29. Rc1 Rb7 30. Rc2 Rab6 31. Re3 Be7 32. Ree2 Kf7 33. Kf3 Rb4 34.
Red2 Bd8 35. Ke2 Bb6 36. Nf3 h6 37. Kd1 Be3 38. Rd3 d4 39. Ne1 Rxb2 40. Ra3
R2b3 41. Rxb3 Rxb3 42. Ke2 g5 43. Nd3 gxf4 44. gxf4 Ra3 45. Rc6 Ra2+ 46. Kf3
Rxh2 47. Ra6 h5 48. Rxa4 h4 49. Ra8 Rd2 50. Ke4 h3 51. Rh8 h2 52. Nc5 Bg1 53.
Rh6 Re2+ 54. Kf3 d3 55. Nxd3 Re3+ 56. Kg2 Rxd3 57. f5 exf5 58. Rf6+ Ke7 59.
Rxf5 Rd2+ 60. Kh1 Be3 61. Rf3 Re2 62. e6 Bc5 63. Rf7+ Ke8 64. Rh7 Bd6 65. e7
Re1+ 66. Kg2 Rg1+ 67. Kh3 h1=Q# 0-1

[Event "WA Open"]
[Site "?"]
[Date "2007.05.27"]
[Round "4"]
[White "Rogers, William"]
[Black "Julian, John"]
[Result "0-1"]
[WhiteElo "1503"]
[BlackElo "1988"]
[PlyCount "72"]
[EventDate "2007.05.??"]
[SourceDate "2007.05.26"]

1. d4 Nf6 2. c4 c5 3. Nc3 e6 4. Bg5 Be7 5. Nf3 cxd4 6. Nxd4 a6 7. e3 Nc6 8. Nf3
O-O 9. Bd3 h6 10. Bh4 Qb6 11. Bxf6 Bxf6 12. Qd2 Rd8 13. a3 d5 14. cxd5 exd5 15.
O-O d4 16. exd4 Nxd4 17. Nxd4 Rxd4 18. Qe3 Be6 19. Ne2 Rd6 20. Qxb6 Rxb6 21.
Rab1 Ba2 22. b4 Bxb1 23. Rxb1 Rd8 24. Bc4 Rc6 25. Bb3 Rd2 26. Kf1 Kf8 27. a4 b5
28. axb5 axb5 29. f3 Rc7 30. h3 Re7 31. Bd1 Bh4 32. g4 Re3 33. Kg2 Rexe2+ 34.
Bxe2 Rxe2+ 35. Kh1 Re1+ 36. Rxe1 Bxe1 0-1

[Event "WA Open"]
[Site "?"]
[Date "2007.05.28"]
[Round "6"]
[White "Roua, Radu"]
[Black "Levine, David"]
[Result "1/2-1/2"]
[WhiteElo "2174"]
[BlackElo "2208"]
[PlyCount "111"]
[EventDate "2007.05.??"]
[SourceDate "2007.05.26"]

1. d4 d5 2. c4 e6 3. Nc3 c5 4. e3 Nf6 5. a3 a6 6. dxc5 Bxc5 7. b4 Ba7 8. Nf3
O-O 9. Bb2 dxc4 10. Bxc4 b5 11. Bd3 Bb7 12. O-O Nbd7 13. Qe2 Qe7 14. Nd4 Ne5
15. Nb3 Nxd3 16. Qxd3 Rac8 17. Rfd1 Ng4 18. h3 Ne5 19. Qf1 Nc4 20. Bc1 Nxe3 21.
Bxe3 Bxe3 22. fxe3 Rxc3 23. Nc5 Ba8 24. Qf2 Qg5 25. Rd3 Rxd3 26. Nxd3 Bd5 27.
Nc5 a5 28. e4 Bc4 29. Nd7 Rd8 30. Rd1 axb4 31. axb4 h6 32. Qb6 Kh8 33. Qc7 Be2
34. Rd2 Qe7 35. Qd6 Qxd6 36. Rxd6 f6 37. e5 fxe5 38. Nxe5 Rxd6 39. Nf7+ Kg8 40.
Nxd6 Kf8 41. Kf2 Ke7 42. Ne4 Bc4 43. g3 Bd5 44. Nc3 Bc6 45. Ke3 e5 46. h4 g5
47. hxg5 hxg5 48. Nd1 Ke6 49. Kd3 Be8 50. Ne3 Bg6+ 51. Kc3 Bf5 52. Kd2 e4 53.
Nd1 Ke5 54. Nc3 Bd7 55. Ke3 Bc6 56. g4 1/2-1/2

[Event "WA Open"]
[Site "?"]
[Date "2007.05.27"]
[Round "4"]
[White "Roua, Radu"]
[Black "Rupel, David"]
[Result "1-0"]
[WhiteElo "2174"]
[BlackElo "2063"]
[PlyCount "93"]
[EventDate "2007.05.??"]
[SourceDate "2007.05.26"]

1. e4 c5 2. Nf3 g6 3. c3 Bg7 4. d4 cxd4 5. cxd4 d5 6. exd5 Nf6 7. Bb5+ Nbd7 8.
Nc3 O-O 9. d6 exd6 10. O-O a6 11. Bd3 b5 12. a4 b4 13. Ne4 Nxe4 14. Bxe4 Rb8
15. Bf4 Nf6 16. Bc6 Nh5 17. Bg5 Bf6 18. Be3 Bd7 19. Bd5 Ng7 20. h3 Qa5 21. Qb3
Be6 22. Bxe6 Nxe6 23. d5 Nc5 24. Bxc5 dxc5 25. Rad1 c4 26. Qxc4 Bxb2 27. Qb3
Bc3 28. d6 Qf5 29. Rd5 Qd7 30. Ng5 Rbe8 31. Qc2 f5 32. Qb3 Kg7 33. Rfd1 Rf6 34.
Qc4 Ra8 35. Rc5 Ra7 36. Rc7 Rxc7 37. Qxc7 Qxc7 38. dxc7 Rc6 39. Rd8 Bf6 40.
Ne6+ Kf7 41. c8=Q Rxc8 42. Rxc8 Kxe6 43. Rc6+ Ke7 44. Rxa6 Bd4 45. Ra5 b3 46.
Rb5 b2 47. Kf1 1-0

[Event "WA Open"]
[Site "?"]
[Date "2007.05.27"]
[Round "3"]
[White "Roua, Radu"]
[Black "Serper, Gregory"]
[Result "0-1"]
[WhiteElo "2174"]
[BlackElo "2577"]
[PlyCount "72"]
[EventDate "2007.05.??"]
[SourceDate "2007.05.26"]

1. d4 Nf6 2. c4 e6 3. Nf3 d5 4. e3 c5 5. a3 a6 6. Nc3 dxc4 7. Bxc4 b5 8. Bd3
Nbd7 9. O-O Bb7 10. dxc5 Nxc5 11. Bc2 Qxd1 12. Rxd1 Be7 13. b4 Ncd7 14. Bb3 Nb6
15. Bb2 O-O 16. Ne5 Rfc8 17. Ne2 Bd5 18. Bxd5 Nfxd5 19. e4 Rc2 20. exd5 Rxe2
21. d6 Bf6 22. Bd4 Bxe5 23. Bxb6 Bxa1 24. Rxa1 Rd2 25. Bc7 Kf8 26. Kf1 Ke8 27.
Ke1 Rc2 28. a4 bxa4 29. Rxa4 Rb2 30. Kd1 Rxf2 31. Kc1 Rf5 32. Kd2 Kd7 33. Kc3
h5 34. Kc4 h4 35. g4 Rd5 36. Ra2 f6 0-1

[Event "WA Open"]
[Site "?"]
[Date "2007.05.26"]
[Round "1"]
[White "Rupel, David"]
[Black "Countryman, Zachary"]
[Result "1-0"]
[WhiteElo "2063"]
[BlackElo "1742"]
[PlyCount "63"]
[EventDate "2007.05.??"]
[SourceDate "2007.05.26"]

1. d4 Nf6 2. c4 g6 3. Nc3 Bg7 4. e4 d6 5. Nge2 O-O 6. Ng3 c5 7. d5 e6 8. Be2
exd5 9. exd5 a6 10. Bf4 Re8 11. O-O Qc7 12. Qd2 Nbd7 13. Bg5 Rb8 14. a4 Qa5 15.
Qf4 Qc7 16. Rfe1 Re5 17. Qh4 Qb6 18. Reb1 Qc7 19. f4 Re8 20. f5 Re5 21. fxg6
hxg6 22. Rf1 Rxg5 23. Qxg5 Nh7 24. Qe7 f5 25. Qe6+ Kh8 26. Qxg6 Ne5 27. Qh5 Kg8
28. Nxf5 Nf6 29. Qg5 Bxf5 30. Rxf5 Nf7 31. Qg3 Nh6 32. Rxf6 1-0

[Event "WA Open"]
[Site "?"]
[Date "2007.05.28"]
[Round "5"]
[White "Rupel, David"]
[Black "Wilson, Matthew"]
[Result "0-1"]
[WhiteElo "2063"]
[BlackElo "1836"]
[PlyCount "74"]
[EventDate "2007.05.??"]
[SourceDate "2007.05.26"]

1. d4 Nf6 2. c4 e6 3. Nf3 b6 4. e3 Bb7 5. Bd3 c5 6. O-O Be7 7. Nc3 a6 8. a3
cxd4 9. exd4 d6 10. b4 O-O 11. Bb2 Nbd7 12. Re1 Re8 13. d5 e5 14. Nd2 g6 15.
Nb3 Nh5 16. g3 Ng7 17. Rc1 f5 18. Bf1 Rc8 19. Rc2 e4 20. Ne2 Bf6 21. Ned4 Ne5
22. Be2 Qd7 23. Nc6 Qf7 24. Nxe5 Bxe5 25. Bxe5 Rxe5 26. Qd2 Rce8 27. Qd4 f4 28.
Qxb6 e3 29. f3 fxg3 30. hxg3 Qf5 31. Bd1 Qh3 32. Rg2 Rh5 33. Kf1 Nf5 34. Ke2
Qxg2+ 35. Kd3 Qf2 36. Re2 Qf1 37. g4 Qxd1+ 0-1

[Event "WA Open"]
[Site "?"]
[Date "2007.05.27"]
[Round "4"]
[White "Selzler, Ricky"]
[Black "Greninger, Harley"]
[Result "1/2-1/2"]
[WhiteElo "2140"]
[BlackElo "2256"]
[PlyCount "84"]
[EventDate "2007.05.??"]
[SourceDate "2007.05.26"]

1. d4 Nf6 2. c4 e6 3. Nc3 Bb4 4. e3 b6 5. Nge2 Ba6 6. a3 Bxc3+ 7. Nxc3 d5 8. b3
O-O 9. Bb2 dxc4 10. bxc4 Nc6 11. Bd3 Na5 12. Qe2 c5 13. dxc5 bxc5 14. O-O Rb8
15. Nb5 Nc6 16. Rfd1 Qe7 17. Qf3 Bb7 18. Qh3 e5 19. Rab1 Rfd8 20. Nc3 e4 21.
Be2 Ne5 22. Qg3 Ng6 23. Nb5 Bc6 24. h4 Bxb5 25. cxb5 Rb6 26. h5 Nf8 27. Rxd8
Qxd8 28. Rd1 Qe7 29. Be5 Ne8 30. a4 f6 31. Bc3 Rd6 32. Rxd6 Qxd6 33. Qxd6 Nxd6
34. h6 Nd7 35. hxg7 Kxg7 36. Kf1 Kf7 37. Ke1 Ke6 38. Kd2 Nb6 39. a5 Nbc4+ 40.
Kc1 Kd5 41. Bxf6 Nxa5 42. Kb2 Nac4+ 1/2-1/2

[Event "WA Open"]
[Site "?"]
[Date "2007.05.26"]
[Round "2"]
[White "Selzler, Ricky"]
[Black "Serper, Gregory"]
[Result "1/2-1/2"]
[WhiteElo "2140"]
[BlackElo "2577"]
[PlyCount "55"]
[EventDate "2007.05.??"]
[SourceDate "2007.05.26"]

1. d4 Nf6 2. c4 e6 3. Nc3 Bb4 4. e3 c5 5. Bd3 Nc6 6. Nge2 d5 7. O-O cxd4 8.
exd4 dxc4 9. Bxc4 O-O 10. Bg5 Be7 11. Re1 b6 12. a3 Bb7 13. Qd3 Nd5 14. Bd2
Nxc3 15. Bxc3 Bd6 16. Qh3 Ne7 17. Bd3 Ng6 18. Ng3 Bd5 19. Ne4 Be7 20. Bd2 Rc8
21. Be3 e5 22. Ng3 exd4 23. Bxd4 Bf6 24. Bxf6 Qxf6 25. Bf5 Rc4 26. Bd3 Rcc8 27.
Qf5 Qxf5 28. Nxf5 1/2-1/2

[Event "WA Open"]
[Site "?"]
[Date "2007.05.27"]
[Round "4"]
[White "Serper, Gregory"]
[Black "Levine, David"]
[Result "1-0"]
[WhiteElo "2577"]
[BlackElo "2208"]
[PlyCount "55"]
[EventDate "2007.05.??"]
[SourceDate "2007.05.26"]

1. d4 d5 2. c4 e6 3. Nc3 c5 4. e3 Nf6 5. Nf3 a6 6. a3 dxc4 7. Bxc4 b5 8. Ba2
Bb7 9. O-O Nbd7 10. Re1 Be7 11. e4 b4 12. axb4 cxb4 13. e5 bxc3 14. exf6 Bxf6
15. bxc3 O-O 16. Ba3 Re8 17. Nd2 Qc7 18. Nc4 Red8 19. Nd6 Nf8 20. Nxb7 Qxb7 21.
Bb1 Rac8 22. Be4 Qb5 23. Bd3 Qb7 24. Bxf8 Rxf8 25. Bxa6 Qc6 26. Bxc8 Rxc8 27.
Re3 g6 28. Qf3 1-0

[Event "WA Open"]
[Site "?"]
[Date "2007.05.27"]
[Round "3"]
[White "Sinanan, Josh"]
[Black "Collyer, Curt"]
[Result "0-1"]
[WhiteElo "2108"]
[BlackElo "2206"]
[PlyCount "114"]
[EventDate "2007.05.??"]
[SourceDate "2007.05.26"]

1. Nf3 d5 2. d4 c6 3. c4 Nf6 4. Nc3 a6 5. cxd5 cxd5 6. Bf4 Nc6 7. Rc1 Bf5 8. e3
Rc8 9. Be2 e6 10. O-O Bd6 11. Bxd6 Qxd6 12. Nd2 O-O 13. Nb3 Nd7 14. a3 Ncb8 15.
Qd2 Qb6 16. Na1 Qa7 17. b4 Nb6 18. Nb3 Nc4 19. Bxc4 Rxc4 20. Na5 Rcc8 21. Na4
b6 22. Rxc8 Rxc8 23. Rc1 Rxc1+ 24. Qxc1 e5 25. Nb3 f6 26. dxe5 fxe5 27. Qc3 Bd7
28. Nb2 Nc6 29. h3 h6 30. Nd3 Qb8 31. a4 Qd6 32. b5 axb5 33. axb5 Na7 34. Qxe5
Qxe5 35. Nxe5 Bxb5 36. Nd4 Bc4 37. f4 Nc8 38. Kf2 Nd6 39. g4 b5 40. Ke1 g5 41.
f5 b4 42. f6 b3 43. Kd1 Bf1 44. Ndc6 Bxh3 45. Ne7+ Kf8 46. Nxd5 Nf7 47. Nd7+
Ke8 48. Nc5 Bxg4+ 49. Kd2 Kf8 50. Nxb3 Be6 51. e4 Nd6 52. Ke3 Bxd5 53. exd5 Kf7
54. Kd4 Kxf6 55. Kc5 Ke5 56. Nc1 Nf5 57. Ne2 h5 0-1

[Event "WA Open"]
[Site "?"]
[Date "2007.05.27"]
[Round "3"]
[White "Van Weerdhuizen, Lane"]
[Black "Pupols, Viktors"]
[Result "0-1"]
[WhiteElo "1724"]
[BlackElo "2230"]
[PlyCount "58"]
[EventDate "2007.05.??"]
[SourceDate "2007.05.26"]

1. e4 e6 2. d4 d5 3. e5 b6 4. c4 dxc4 5. Bxc4 Bb7 6. Nf3 Ne7 7. Bg5 h6 8. Be3
Nd5 9. O-O Be7 10. Nc3 c6 11. Nxd5 cxd5 12. Bb5+ Bc6 13. Bxc6+ Nxc6 14. Qa4 Qd7
15. Rac1 Nxe5 16. Qxd7+ Nxd7 17. Rc7 Bd6 18. Rc6 Ke7 19. Rfc1 Rhd8 20. Bd2 Nb8
21. Rxd6 Kxd6 22. Ne5 Ke7 23. Rc7+ Kf8 24. b4 f6 25. Ng6+ Kg8 26. Bxh6 gxh6 27.
Ne7+ Kf7 28. Nc6+ Rd7 29. Nd8+ Ke7 0-1

[Event "WA Open"]
[Site "?"]
[Date "2007.05.26"]
[Round "1"]
[White "Watts, Peter"]
[Black "Oszvald, Joseph"]
[Result "0-1"]
[WhiteElo "1749"]
[BlackElo "2074"]
[PlyCount "78"]
[EventDate "2007.05.??"]
[SourceDate "2007.05.26"]

1. e4 c5 2. f4 Nc6 3. Nf3 g6 4. Be2 Bg7 5. O-O e6 6. f5 exf5 7. exf5 d5 8. fxg6
hxg6 9. Nc3 Nd4 10. Nb5 Nxf3+ 11. Bxf3 Be6 12. Qe2 Ne7 13. Bg4 Qd7 14. Bxe6
fxe6 15. Qf2 Qxb5 16. Qf7+ Kd7 17. Qxg7 Rag8 18. Qf6 Rf8 19. Qxf8 Rxf8 20. Rxf8
Qe2 21. Rf2 Qd1+ 22. Rf1 Qxc2 23. b3 b5 24. Ba3 b4 25. Rac1 Qxd2 26. Rf2 Qe3
27. Bb2 Nf5 28. Kf1 Nd4 29. Rxc5 Nxb3 30. Rxd5+ exd5 31. axb3 Qxb3 32. Rd2 a5
33. Bd4 a4 34. Ke2 a3 35. h3 Qc4+ 36. Ke3 b3 37. Ba1 b2 38. Bxb2 axb2 39. Rxb2
Qc3+ 0-1

[Event "WA Open"]
[Site "?"]
[Date "2007.05.27"]
[Round "3"]
[White "Wilson, Matthew"]
[Black "Oszvald, Joseph"]
[Result "1-0"]
[WhiteElo "1836"]
[BlackElo "2074"]
[PlyCount "109"]
[EventDate "2007.05.??"]
[SourceDate "2007.05.26"]

1. e4 c5 2. Nf3 d6 3. d4 cxd4 4. Nxd4 Nf6 5. Nc3 g6 6. g3 Bg7 7. Bg2 O-O 8. O-O
Nc6 9. Nde2 Bd7 10. h3 a6 11. a4 Rc8 12. Nd5 Na5 13. Ra2 Nxd5 14. exd5 Bf5 15.
b3 Qc7 16. Nd4 Bd7 17. Re1 Rfe8 18. Bg5 e5 19. dxe6 fxe6 20. Be3 Nc6 21. Nxc6
Bxc6 22. Bxc6 bxc6 23. Qd3 a5 24. c4 d5 25. cxd5 cxd5 26. Rc1 Qd7 27. Rac2 Rxc2
28. Rxc2 d4 29. Bd2 e5 30. Qc4+ Kh8 31. Qc6 Qf7 32. Bxa5 e4 33. Re2 e3 34. fxe3
dxe3 35. Bc3 Rf8 36. Bxg7+ Qxg7 37. Qc1 Re8 38. Rxe3 Qa7 39. Qc3+ Kg8 40. Kf2
Rf8+ 41. Ke2 Qb7 42. Qc4+ Kg7 43. Qd4+ Kg8 44. Qe4 Qa6+ 45. Qc4+ Qxc4+ 46. bxc4
Rc8 47. Ra3 Rxc4 48. a5 Kf7 49. a6 Rc8 50. a7 Ra8 51. Kd3 Ke6 52. Kc4 Kd6 53.
Kb5 Kc7 54. Kc5 Kb7 55. Kd6 1-0